| 000 | 00435pab a2200169 454500 | ||
|---|---|---|---|
| 008 | 180718b2013 xxu||||| |||| 00| 0 eng d | ||
| 100 | _aKadirgamar, Ahilan | ||
| 245 | _aThe question of militarisation in post-war Sri Lanka | ||
| 260 | _c2013 | ||
| 300 | _ap.42-46. | ||
| 362 | _a16 Feb | ||
| 650 | _aMilitarism - Sri Lanka | ||
| 650 | _aMilitarism | ||
| 773 | _aEconomic and Political Weekly | ||
| 908 | _aN | ||
| 909 | _a102332 | ||
| 999 |
_c102330 _d102330 |
||